| 000 | 00346nam a2200121Ia 4500 | ||
|---|---|---|---|
| 008 | 230907s9999||||xx |||||||||||||| ||und|| | ||
| 082 |
_a333.79320973 _bDEN |
||
| 100 |
_aDenny, Fred I. _9116175 |
||
| 245 | 0 | _aPower system operations and electricity markets / | |
| 260 |
_aCRC Press, _bBoca Raton, Fla. : _c2002 |
||
| 300 | _a134 p. : | ||
| 942 | _cBK | ||
| 999 |
_c601508 _d601508 |
||